000 00294nam a2200145Ia 4500
100 _aThangavel/K
942 _cBK
366 _f20
245 _aIntelligent computing models
260 _bNarosa
_c2009
082 _a6.3
_bTHA
300 _a296
546 _aENGLISH
_cComputers
999 _c19533
_d19533